000
00232nam a22000857a 4500
008
160701b xxu||||| |||| 00| 0 eng d
100
_9
1741
_a
Holland, D.A
245
_a
Short Multiplication
260
_a
New Delhi
_b
Oxford Publication
_c
1976
999
_c
1447
_d
1447